Statistiques concernant Coupe du Monde de Rugby - 4 premières places

Cliquez ici pour prendre le quiz!

Statistiques générales

  • Ce quiz a été pris 19 701 fois
  • Le résultat moyen est 7 sur 8

Statistiques - réponses

Fois dans la top 4VictoiresPays% Correct
60France
100%
93Nouvelle-Zélande
99%
61Angleterre
97%
62Australie
96%
64Afrique du Sud
95%
10Écosse
90%
30Pays de Galles
86%
30Argentine
84%

Distribution des résultats

Percentile par nombre de réponses

% des personnes avec chaque résultat

Votre développement - résultats

Vous n’avez pas pris ce quiz